000
00287nam a22001337a 4500
008
170203b xxu||||| |||| 00| 0 eng d
020
_a
9780781769754
041
_a
eng
080
_2
6TH
_a
61
100
_a
3
101
_a
SHM
245
_a
NMS MEDICINE
_c
WOLFSTHAL, S.D
942
_2
udc
_c
BK
999
_c
4554
_d
4554